| 000 | 01026nam2a2200241 4500 | ||
|---|---|---|---|
| 001 | RU\NLR\BIBL_A\022683712 | ||
| 005 | 20260112140309.0 | ||
| 010 | _a978-5-04-221787-6 | ||
| 021 |
_aRU _bКН-П-25-064555 _9КН-П-25-6254 |
||
| 035 | _a(NLR Aleph) 022683712 | ||
| 090 |
_a13502370 _c13502370 |
||
| 100 | _a20251209d2025 u y0rusy50 ca | ||
| 101 | 0 | _arus | |
| 102 | _aRU | ||
| 105 | _ay z 000ay | ||
| 200 | 0 | _aТ. 2 | |
| 210 | _d2025 | ||
| 215 | _a349, [1] с. | ||
| 461 | 0 |
_1001RU\NLR\BIBL_A\022679978 _12001#$aБой тигров в долине$e[роман$eв 2 томах]$fАлександра Маринина$vТ. 2 _1700#1$aМаринина$bА. Б.$f1957-$gАлександра Борисовна$3RU\NLR\AUTH\77515 _913514631 _aМаринина, А. Б. (1957-) _cМосква _d2025 _fАлександра Маринина _nЭксмо _o[роман : в 2 томах] _tБой тигров в долине _vТ. 2 |
|
| 942 | _cBOOK | ||
| 980 | _aNB | ||